Football par lettre - H - Statistiques

Statistiques générales
  • Ce quiz a été pris 469 fois
  • Le résultat moyen est 5 sur 10
Statistiques - réponses
Indices Solutions % Correct
A marqué 226 buts avec Arsenal Henry
95%
Fratrie de 3 frères belges Hazard
84%
Le Major Galopant a permisà ce pays d'atteindre la 3ème place du mondial 1964 Hongrie
66%
Prénom du meilleur buteur de la cope du monde 2018 Harry
54%
Andrej Kramaric en est l'actuel meilleur buteur de l'histoire Hoffenheim
45%
Los Catrachos Honduras
45%
Premier Ballon d'Or féminin Hegerberg
32%
Quel mot est écrit sur le blason de l'équipe nationale grecque Hellas
28%
La Vieille Dame allemande Hertha Berlin
26%
Vainqueur de la Gold Cup en 1973 Haïti
23%
Aucun quiz correspondant
Distribution des résultats
% des personnes avec chaque résultat
Percentile par nombre de réponses
Votre historique - résultats
Vous n’avez pas pris ce quiz